[Event "GBR-ch110 Over 65"]
[Site "Hull"]
[Date "2024.08.01"]
[Round "4.26"]
[White "Hall, Alan A"]
[Black "Winter, Malcolm J"]
[Result "1-0"]
[WhiteElo "1801"]
[BlackElo "1776"]
[PlyCount "140"]
[EventDate "2024.07.29"]
[EventType "swiss"]
[EventRounds "7"]
[EventCountry "GBR"]
[SourceTitle "BritBase"]
[Source "John Saunders"]
[SourceDate "2025.02.20"]
[SourceVersion "1"]
[SourceVersionDate "2025.02.20"]
[SourceQuality "1"]

1. d4 Nf6 2. Nf3 e6 3. e3 d5 4. Bd3 c5 5. c3 Nbd7 6. Nbd2 Be7 7. O-O O-O 8. Re1 Qc7 9. Nf1 b6 10. Ng3 Re8 11. e4 dxe4 12. Nxe4 Bb7 13. dxc5 Nxe4 14. Bxe4 Bxe4 15. Rxe4 Nf6 16. cxb6 axb6 17. Bf4 Qc6 18. Re2 Red8 19. Rd2 Rxd2 20. Qxd2 Rd8 21. Qe2 Qd5 22. a3 Qb3 23. Nd4 Qd5 24. h3 h6 25. Bc7 Rd7 26. Be5 Qb7 27. Qf3 Qxf3 28. Nxf3 Ne4 29. Bd4 f6 30. Re1 f5 31. Re2 b5 32. Ne5 Rd5 33. f3 Ng3 34. Rd2 Bf6 35. Ng6 Kf7 36. Nf4 Bxd4+ 37. cxd4 Rd6 38. Kf2 Nh1+ 39. Ke3 g5 40. Ne2 f4+ 41. Kd3 Kf6 42. Kc3 Rd5 43. Kb4 Ng3 44. Nc3 Rf5 45. Nxb5 Nf1 46. Rd3 Ne3 47. Rd2 h5 48. a4 g4 49. a5 Nd5+ 50. Ka4 gxf3 51. gxf3 Rg5 52. a6 h4 53. a7 Nb6+ 54. Kb4 Rg3 55. Nc7 Rxf3 56. Kc5 Rb3 57. Nb5 Na8 58. Kc4 Rxh3 59. Kc5 Rg3 60. Rf2 f3 61. Kc6 h3 62. Nc7 h2 63. Rxh2 Rg2 64. Rh1 Rc2+ 65. Kb7 Nxc7 66. Rf1 f2 67. Rxf2+ Rxf2 68. Kxc7 Rc2+ 69. Kd7 Rxb2 70. a8=Q Rb3 1-0

[Event "GBR-ch110 Over 65"]
[Site "Hull"]
[Date "2024.08.02"]
[Round "5.1"]
[White "Smith, Andrew P"]
[Black "Hutchinson, Paul A"]
[Result "1-0"]
[WhiteElo "2037"]
[BlackElo "2005"]
[PlyCount "145"]
[EventDate "2024.07.29"]
[EventType "swiss"]
[EventRounds "7"]
[EventCountry "GBR"]
[SourceTitle "BritBase"]
[Source "John Saunders"]
[SourceDate "2025.02.20"]
[SourceVersion "1"]
[SourceVersionDate "2025.02.20"]
[SourceQuality "1"]

1. e4 d6 2. d4 Nf6 3. Nc3 c6 4. f4 Qa5 5. e5 Ne4 6. Qf3 Nxc3 7. Bd2 Qb6 8. Bxc3 Bf5 9. Bd3 Bxd3 10. Qxd3 dxe5 11. dxe5 e6 12. O-O-O Qc7 13. f5 Na6 14. fxe6 fxe6 15. Qh3 Qf7 16. Nf3 Bb4 17. Bxb4 Nxb4 18. Rd6 O-O 19. a3 Nd5 20. Qxe6 Qxe6 21. Rxe6 Nf4 22. Re7 Nxg2 23. Ng5 Rae8 24. Rxe8 Rxe8 25. Nf3 h6 26. Kd2 Kf7 27. Kd3 Nf4+ 28. Ke4 Ne6 29. Rf1 Ke7 30. Nh4 Ng5+ 31. Ke3 Ke6 32. Ng6 Rd8 33. h4 Nf7 34. Ke4 Rd2 35. Nf8+ Ke7 36. Ng6+ Ke8 37. Nf4 g5 38. Nh5 Re2+ 39. Kf5 Nxe5 40. hxg5 hxg5 41. Ng3 Re3 42. Ne4 Nc4 43. Nxg5 Re2 44. Kf6 Ne3 45. Rh1 Nd5+ 46. Kf5 Kd7 47. Ne4 b6 48. Rh7+ Ne7+ 49. Ke5 Rxc2 50. Kf6 c5 51. Rxe7+ Kc6 52. b3 c4 53. Re6+ Kd5 54. bxc4+ Rxc4 55. Kf5 Rc8 56. Rd6+ Kc4 57. Nd2+ Kc3 58. Ke6 Re8+ 59. Kd7 Re2 60. Nf3 Re3 61. Nd4 Kc4 62. Nc2 Rh3 63. Kc7 Rh5 64. Nd4 Ra5 65. Nc2 Rc5+ 66. Rc6 Kb3 67. Rxc5 bxc5 68. Kc6 c4 69. Ne3 a5 70. Kb5 c3 71. a4 c2 72. Nxc2 Kxc2 73. Kxa5 1-0

[Event "GBR-ch110 Over 65"]
[Site "Hull"]
[Date "2024.08.02"]
[Round "5.2"]
[White "Pritchett, Craig W"]
[Black "Binks, Michael E"]
[Result "1-0"]
[WhiteElo "2186"]
[BlackElo "2003"]
[PlyCount "69"]
[EventDate "2024.07.29"]
[EventType "swiss"]
[EventRounds "7"]
[EventCountry "GBR"]
[SourceTitle "BritBase"]
[Source "John Saunders"]
[SourceDate "2025.02.20"]
[SourceVersion "1"]
[SourceVersionDate "2025.02.20"]
[SourceQuality "1"]

1. Nf3 d5 2. b3 Nf6 3. Bb2 Bf5 4. c4 e6 5. g3 Be7 6. Bg2 O-O 7. O-O Nbd7 8. Nc3 Ne4 9. cxd5 exd5 10. Nxd5 c6 11. Nxe7+ Qxe7 12. d3 Ng5 13. Nxg5 Qxg5 14. e4 Bg4 15. f3 Qe3+ 16. Kh1 Bh5 17. g4 Bg6 18. f4 f6 19. f5 Bf7 20. d4 Rad8 21. Qe1 Qxe1 22. Rfxe1 Nb6 23. Rad1 Rfe8 24. Bf3 Rd7 25. Kg2 Nc8 26. Kg3 a5 27. h4 h6 28. g5 hxg5 29. hxg5 fxg5 30. d5 cxd5 31. e5 Ne7 32. Bg4 Rc7 33. e6 Rc2 34. exf7+ Kxf7 35. Bh5+ 1-0

[Event "GBR-ch110 Over 65"]
[Site "Hull"]
[Date "2024.08.02"]
[Round "5.3"]
[White "James, Geoffrey H"]
[Black "Kilgour, David"]
[Result "1-0"]
[WhiteElo "2059"]
[BlackElo "2165"]
[PlyCount "53"]
[EventDate "2024.07.29"]
[EventType "swiss"]
[EventRounds "7"]
[EventCountry "GBR"]
[SourceTitle "BritBase"]
[Source "John Saunders"]
[SourceDate "2025.02.20"]
[SourceVersion "1"]
[SourceVersionDate "2025.02.20"]
[SourceQuality "1"]

1. e4 e6 2. Nc3 c5 3. g3 g6 4. Bg2 Bg7 5. Nf3 Nc6 6. O-O Nge7 7. d3 O-O 8. Rb1 a6 9. Be3 Qa5 10. d4 cxd4 11. Nxd4 Ne5 12. Nb3 Qd8 13. f4 Nc4 14. Bd4 Nc6 15. Bxg7 Kxg7 16. Qe2 b5 17. e5 d5 18. exd6 Nxd6 19. Rfd1 Bb7 20. Nc5 Qb6 21. Qf2 Nc8 22. Rd7 Rb8 23. Nxe6+ Kg8 24. Nxf8 Qxf2+ 25. Kxf2 Kxf8 26. Rxb7 Rxb7 27. Bxc6 1-0

[Event "GBR-ch110 Over 65"]
[Site "Hull"]
[Date "2024.08.02"]
[Round "5.4"]
[White "Hewson, Brian WR"]
[Black "Shephard, Chris CW"]
[Result "0-1"]
[WhiteElo "2042"]
[BlackElo "2156"]
[PlyCount "102"]
[EventDate "2024.07.29"]
[EventType "swiss"]
[EventRounds "7"]
[EventCountry "GBR"]
[SourceTitle "BritBase"]
[Source "John Saunders"]
[SourceDate "2025.02.20"]
[SourceVersion "1"]
[SourceVersionDate "2025.02.20"]
[SourceQuality "1"]

1. d4 Nf6 2. Nf3 d6 3. Nc3 Nbd7 4. e4 e5 5. dxe5 dxe5 6. Bc4 Bb4 7. Bd2 O-O 8. O-O c6 9. a3 Be7 10. h3 b5 11. Ba2 a5 12. Re1 Qc7 13. Bg5 Nc5 14. Nd2 Be6 15. Bxe6 Nxe6 16. Bxf6 Bxf6 17. Nf3 Be7 18. Ne2 Rfd8 19. Qc1 Bc5 20. Ng3 Qa7 21. Rf1 f6 22. Qe1 a4 23. Nf5 Nf4 24. Kh2 g6 25. Ne3 Rd6 26. g3 Ne6 27. Kg2 Rad8 28. Qe2 Bxe3 29. Qxe3 Qxe3 30. fxe3 Nc5 31. Ne1 Nxe4 32. Nd3 Kg7 33. Rfe1 Ng5 34. h4 Ne6 35. Re2 h5 36. Rf1 Rd5 37. Rff2 R8d7 38. Nb4 R5d6 39. Nd3 c5 40. Rf1 c4 41. Nb4 Nc5 42. e4 Rd2 43. Rff2 Rxe2 44. Rxe2 Kf7 45. Na2 Ke6 46. Nc3 Rb7 47. Kf3 b4 48. axb4 Rxb4 49. Nd1 c3 50. b3 axb3 51. Nxc3 Rc4 0-1

[Event "GBR-ch110 Over 65"]
[Site "Hull"]
[Date "2024.08.02"]
[Round "5.5"]
[White "Giulian, Philip M"]
[Black "Dilleigh, Stephen P"]
[Result "1/2-1/2"]
[WhiteElo "2070"]
[BlackElo "1985"]
[PlyCount "46"]
[EventDate "2024.07.29"]
[EventType "swiss"]
[EventRounds "7"]
[EventCountry "GBR"]
[SourceTitle "BritBase"]
[Source "John Saunders"]
[SourceDate "2025.02.20"]
[SourceVersion "1"]
[SourceVersionDate "2025.02.20"]
[SourceQuality "1"]

1. c4 e6 2. g3 d5 3. Bg2 Nf6 4. Nf3 dxc4 5. Qa4+ Nbd7 6. Qxc4 c5 7. d3 Bd6 8. a4 Rb8 9. Nc3 a6 10. O-O O-O 11. h3 Qc7 12. d4 Nb6 13. Qd3 c4 14. Qc2 Nbd5 15. e4 Nb4 16. Qe2 Ne8 17. Be3 b5 18. axb5 axb5 19. Rfd1 Bd7 20. d5 e5 21. Ra7 Qc8 22. Kh2 f6 23. Ne1 Rf7 1/2-1/2

[Event "GBR-ch110 Over 65"]
[Site "Hull"]
[Date "2024.08.02"]
[Round "5.6"]
[White "Guilfoyle, John M"]
[Black "Chapman, Terry PD"]
[Result "0-1"]
[WhiteElo "1987"]
[BlackElo "2287"]
[PlyCount "130"]
[EventDate "2024.07.29"]
[EventType "swiss"]
[EventRounds "7"]
[EventCountry "GBR"]
[SourceTitle "BritBase"]
[Source "John Saunders"]
[SourceDate "2025.02.20"]
[SourceVersion "1"]
[SourceVersionDate "2025.02.20"]
[SourceQuality "1"]

1. d4 d6 2. e4 Nf6 3. Nc3 c6 4. h3 Nbd7 5. Nf3 e5 6. Be2 Be7 7. Be3 b5 8. a3 a6 9. O-O O-O 10. Nd2 exd4 11. Bxd4 c5 12. Be3 Bb7 13. Bf3 Ne5 14. Nd5 Nxd5 15. exd5 Nxf3+ 16. Nxf3 Bf6 17. c3 Qd7 18. Qd3 c4 19. Qd2 Qf5 20. Rad1 Rfe8 21. Bf4 Rad8 22. Rfe1 h6 23. Bg3 g5 24. Rxe8+ Rxe8 25. Ne1 Qxd5 26. Qxd5 Bxd5 27. Kf1 Be6 28. Rxd6 Rd8 29. Nc2 Rxd6 30. Bxd6 Bd5 31. Nd4 Kh7 32. f3 Kg6 33. Kf2 h5 34. g4 Bd8 35. Nf5 Bb6+ 36. Ke2 Be6 37. Nd4 Bd7 38. Kf2 f5 39. Kg3 Bc8 40. Be5 Bc5 41. Bc7 Bd7 42. Bb8 fxg4 43. fxg4 h4+ 44. Kh2 Bc8 45. Bc7 Bb7 46. Be5 Bd5 47. Kg1 Kf7 48. Kf2 Be4 49. Kg1 Ke7 50. Kf2 Kf7 51. Kg1 Be7 52. Kf2 Bd5 53. Bc7 Bf6 54. Bd6 Ke8 55. Bc7 Kd7 56. Bb8 Kc8 57. Bd6 Kd7 58. Bb8 Be4 59. Bh2 Bd5 60. Bb8 Bg7 61. Bh2 Bxd4+ 62. cxd4 a5 63. Be5 b4 64. axb4 c3 65. bxc3 a4 0-1

[Event "GBR-ch110 Over 65"]
[Site "Hull"]
[Date "2024.08.02"]
[Round "5.7"]
[White "Pickersgill, Adrian O"]
[Black "Clark, Robert G"]
[Result "0-1"]
[WhiteElo "1974"]
[BlackElo "2076"]
[PlyCount "70"]
[EventDate "2024.07.29"]
[EventType "swiss"]
[EventRounds "7"]
[EventCountry "GBR"]
[SourceTitle "BritBase"]
[Source "John Saunders"]
[SourceDate "2025.02.20"]
[SourceVersion "1"]
[SourceVersionDate "2025.02.20"]
[SourceQuality "1"]

1. e4 e6 2. d4 d5 3. Nc3 Bb4 4. e5 Ne7 5. Bd2 b6 6. a3 Bxc3 7. bxc3 Qd7 8. Nf3 Ba6 9. Bxa6 Nxa6 10. O-O c5 11. Qe2 Qa4 12. Bg5 Rc8 13. Rfc1 h6 14. Bxe7 Kxe7 15. Qd2 Rc7 16. g4 Kd7 17. Ne1 Kc8 18. Ng2 Kb8 19. Ne3 Rhc8 20. f4 cxd4 21. cxd4 Rc3 22. f5 R8c6 23. fxe6 fxe6 24. Rf1 Rxa3 25. Rf8+ Kb7 26. Raf1 Ra1 27. R8f7+ Rc7 28. Rxc7+ Nxc7 29. Nd1 Qe8 30. Qc3 Ra4 31. Qd3 Qe7 32. c3 Qg5 33. Qg3 Qd2 34. Qf3 Ra1 35. h4 a5 0-1

[Event "GBR-ch110 Over 65"]
[Site "Hull"]
[Date "2024.08.02"]
[Round "5.8"]
[White "Punnett, Alan K"]
[Black "Jackson, Oliver A"]
[Result "0-1"]
[WhiteElo "1968"]
[BlackElo "2075"]
[PlyCount "74"]
[EventDate "2024.07.29"]
[EventType "swiss"]
[EventRounds "7"]
[EventCountry "GBR"]
[SourceTitle "BritBase"]
[Source "John Saunders"]
[SourceDate "2025.02.20"]
[SourceVersion "1"]
[SourceVersionDate "2025.02.20"]
[SourceQuality "1"]

1. e4 c5 2. Nf3 e6 3. d4 cxd4 4. Nxd4 a6 5. Nc3 Qc7 6. Bd3 Nf6 7. O-O b5 8. a3 Bb7 9. Qe2 d6 10. Bg5 Nbd7 11. Rae1 Be7 12. Nb3 h6 13. Bh4 Nxe4 14. Bxe4 Bxh4 15. Bxb7 Qxb7 16. Qh5 Be7 17. Rxe6 Nf6 18. Rxf6 Bxf6 19. Re1+ Kf8 20. Nd5 Be5 21. Rxe5 dxe5 22. Qxe5 Rd8 23. Ne3 Qe7 24. Qc3 Kg8 25. h3 Kh7 26. Nd4 Qf6 27. Qd3+ Qg6 28. Qd1 Qe4 29. c3 f5 30. Qb3 f4 31. Nef5 Rhf8 32. Nh4 Qe1+ 33. Kh2 Qxf2 34. Nhf3 Rf6 35. Ne5 Qg3+ 36. Kh1 Qe1+ 37. Kh2 Qxe5 0-1

[Event "GBR-ch110 Over 65"]
[Site "Hull"]
[Date "2024.08.02"]
[Round "5.9"]
[White "Hodge, Steve R"]
[Black "Moore, Gerald"]
[Result "1/2-1/2"]
[WhiteElo "1962"]
[BlackElo "2057"]
[PlyCount "45"]
[EventDate "2024.07.29"]
[EventType "swiss"]
[EventRounds "7"]
[EventCountry "GBR"]
[SourceTitle "BritBase"]
[Source "John Saunders"]
[SourceDate "2025.02.20"]
[SourceVersion "1"]
[SourceVersionDate "2025.02.20"]
[SourceQuality "1"]

1. e4 c5 2. Nf3 Nc6 3. Bb5 Nf6 4. Nc3 g6 5. Bxc6 dxc6 6. h3 Bg7 7. d3 O-O 8. Be3 b6 9. Qd2 e5 10. O-O Nh5 11. Rae1 Qd6 12. g4 Nf6 13. Bh6 Be6 14. Bxg7 Kxg7 15. Ng5 c4 16. Rd1 Rad8 17. Qe3 cxd3 18. Rxd3 Qe7 19. Nxe6+ Qxe6 20. Rfd1 Rxd3 21. Qxd3 Re8 22. Qd6 h6 23. Kg2 1/2-1/2

[Event "GBR-ch110 Over 65"]
[Site "Hull"]
[Date "2024.08.02"]
[Round "5.10"]
[White "Phillips, William"]
[Black "Burnett, Jim"]
[Result "0-1"]
[WhiteElo "1879"]
[BlackElo "2039"]
[PlyCount "80"]
[EventDate "2024.07.29"]
[EventType "swiss"]
[EventRounds "7"]
[EventCountry "GBR"]
[SourceTitle "BritBase"]
[Source "John Saunders"]
[SourceDate "2025.02.20"]
[SourceVersion "1"]
[SourceVersionDate "2025.02.20"]
[SourceQuality "1"]

1. d4 d5 2. Nf3 e6 3. c4 c6 4. Nc3 dxc4 5. a4 Bb4 6. e3 b5 7. axb5 cxb5 8. Bd2 Bxc3 9. Bxc3 a5 10. Be2 Nf6 11. O-O Bb7 12. Be1 O-O 13. b3 Nbd7 14. bxc4 b4 15. c5 Bc6 16. Qb1 Qc7 17. Nd2 e5 18. Bf3 Bxf3 19. Nxf3 exd4 20. exd4 Qc6 21. Bd2 Ne4 22. Re1 Ndf6 23. Ra2 Rfe8 24. Qb3 Nxd2 25. Rxe8+ Rxe8 26. Rxd2 Qe6 27. Qxe6 fxe6 28. Re2 a4 29. Ne5 Nd5 30. Nc4 a3 31. Kf1 Ra8 32. Ra2 Nc3 33. Ra1 Nb5 34. c6 Rc8 35. Na5 Nxd4 36. Rb1 a2 37. Ra1 b3 38. Nxb3 Nxb3 39. Rxa2 Rxc6 40. Ke2 Nc1+ 0-1

[Event "GBR-ch110 Over 65"]
[Site "Hull"]
[Date "2024.08.02"]
[Round "5.11"]
[White "Collinson, Mark I"]
[Black "Wager, John D"]
[Result "1-0"]
[WhiteElo "1899"]
[BlackElo "2035"]
[PlyCount "63"]
[EventDate "2024.07.29"]
[EventType "swiss"]
[EventRounds "7"]
[EventCountry "GBR"]
[SourceTitle "BritBase"]
[Source "John Saunders"]
[SourceDate "2025.02.20"]
[SourceVersion "1"]
[SourceVersionDate "2025.02.20"]
[SourceQuality "1"]

1. d4 Nf6 2. c4 e6 3. g3 d5 4. Bg2 Be7 5. Nf3 Nbd7 6. O-O O-O 7. Nc3 dxc4 8. e4 c6 9. a4 a5 10. Qe2 b6 11. Re1 Ba6 12. d5 exd5 13. exd5 Re8 14. dxc6 Bc5 15. Be3 Nf8 16. Qc2 Bxe3 17. Rxe3 Rxe3 18. fxe3 Qe7 19. Re1 Rd8 20. Nb5 Bxb5 21. axb5 Qb4 22. Rd1 Rxd1+ 23. Qxd1 Qxb5 24. c7 Qc5 25. Qd8 Qxe3+ 26. Kh1 Ne4 27. Qxf8+ Kxf8 28. c8=Q+ Ke7 29. Qc7+ Ke8 30. h3 c3 31. bxc3 Nxc3 32. Ne5 1-0

[Event "GBR-ch110 Over 65"]
[Site "Hull"]
[Date "2024.08.02"]
[Round "5.12"]
[White "Jackson, Sheila"]
[Black "Sugden, John N"]
[Result "1/2-1/2"]
[WhiteElo "1988"]
[BlackElo "1959"]
[PlyCount "41"]
[EventDate "2024.07.29"]
[EventType "swiss"]
[EventRounds "7"]
[EventCountry "GBR"]
[SourceTitle "BritBase"]
[Source "John Saunders"]
[SourceDate "2025.02.20"]
[SourceVersion "1"]
[SourceVersionDate "2025.02.20"]
[SourceQuality "1"]

1. e4 c6 2. d4 d5 3. Nc3 dxe4 4. Nxe4 Bf5 5. Ng3 Bg6 6. h4 h6 7. Nf3 Nd7 8. h5 Bh7 9. Bd3 Bxd3 10. Qxd3 Qc7 11. Bd2 e6 12. O-O-O Ngf6 13. Ne4 O-O-O 14. Nxf6 Nxf6 15. Qe2 Kb8 16. c4 c5 17. dxc5 Bxc5 18. Rh4 Ka8 19. b4 Be7 20. Kb1 Nd7 21. Rg4 1/2-1/2

[Event "GBR-ch110 Over 65"]
[Site "Hull"]
[Date "2024.08.02"]
[Round "5.13"]
[White "Hughes, Roy"]
[Black "Fryer, David W"]
[Result "1-0"]
[WhiteElo "1980"]
[BlackElo "1916"]
[PlyCount "75"]
[EventDate "2024.07.29"]
[EventType "swiss"]
[EventRounds "7"]
[EventCountry "GBR"]
[SourceTitle "BritBase"]
[Source "John Saunders"]
[SourceDate "2025.02.20"]
[SourceVersion "1"]
[SourceVersionDate "2025.02.20"]
[SourceQuality "1"]

1. d4 f5 2. g3 e6 3. Bg2 Nf6 4. Nf3 Be7 5. O-O O-O 6. c4 d6 7. b3 Qe8 8. Bb2 a5 9. a3 Nbd7 10. Qc2 Qh5 11. Nc3 Ng4 12. Nb5 Bd8 13. Rad1 Ndf6 14. c5 d5 15. Bc1 Bd7 16. a4 Bxb5 17. axb5 Ne4 18. h3 g5 19. hxg4 fxg4 20. Ne5 Rf6 21. Bxe4 Rh6 22. Nxg4 Qxg4 23. Bg2 Be7 24. Qc3 Rf8 25. Qe1 Qh5 26. f3 Qh2+ 27. Kf2 Rh3 28. Rg1 Rxg3 29. Qf1 g4 30. Rh1 Rgxf3+ 31. exf3 Bh4+ 32. Ke3 Qf4+ 33. Kd3 Qg3 34. Kc2 gxf3 35. Bh3 Kh8 36. Qd3 Qg7 37. Bxe6 Bf2 38. Bh6 1-0

[Event "GBR-ch110 Over 65"]
[Site "Hull"]
[Date "2024.08.02"]
[Round "5.14"]
[White "De Coverly, Roger D"]
[Black "Lawson, Maurice E"]
[Result "1-0"]
[WhiteElo "1902"]
[BlackElo "1953"]
[PlyCount "131"]
[EventDate "2024.07.29"]
[EventType "swiss"]
[EventRounds "7"]
[EventCountry "GBR"]
[SourceTitle "BritBase"]
[Source "John Saunders"]
[SourceDate "2025.02.20"]
[SourceVersion "1"]
[SourceVersionDate "2025.02.20"]
[SourceQuality "1"]

1. e4 c6 2. d4 d5 3. e5 Bf5 4. Nf3 e6 5. Be2 c5 6. O-O Nc6 7. c3 cxd4 8. Nxd4 Bg6 9. Bb5 Nge7 10. Bg5 Rc8 11. Qa4 Qd7 12. Nd2 a6 13. Bxc6 Nxc6 14. Nxc6 Qxc6 15. Qh4 Qb6 16. Nb3 Rc4 17. Qg3 h6 18. Be3 Qd8 19. Nd4 Qd7 20. Rad1 Bc5 21. h4 Bxd4 22. Bxd4 O-O 23. Rfe1 b5 24. Re3 Rb8 25. b3 Rcc8 26. b4 Rc4 27. Qf4 h5 28. Rg3 a5 29. a3 axb4 30. axb4 Ra8 31. Re1 Qa7 32. Rg5 Qa3 33. Qd2 Qb3 34. g4 Ra2 35. Qe3 hxg4 36. h5 Be4 37. h6 Bg6 38. hxg7 Qc2 39. Rxg4 Qf5 40. Rh4 Bh7 41. Qg3 Qd3 42. Qxd3 Bxd3 43. Re3 Bg6 44. Rh8+ Kxg7 45. Rb8 Rc2 46. Rxb5 Rc8 47. Ra5 Rh8 48. Rg3 Rh5 49. Ra1 Rb2 50. Rg2 Kh7 51. f3 Rb3 52. Rh2 Kh6 53. Rxh5+ Kxh5 54. Kf2 Kg5 55. Ke3 Kh4 56. Kf4 Kh3 57. Kg5 Kg3 58. f4 Kf3 59. Rf1+ Ke2 60. Rf2+ Kd3 61. Kf6 Kc4 62. Rg2 Ra3 63. Rxg6 fxg6 64. Kxe6 Ra6+ 65. Kf7 Ra7+ 66. Bxa7 1-0

[Event "GBR-ch110 Over 65"]
[Site "Hull"]
[Date "2024.08.02"]
[Round "5.15"]
[White "Habershon, Paul F"]
[Black "Dennis, Nigel W"]
[Result "1-0"]
[WhiteElo "1936"]
[BlackElo "1865"]
[PlyCount "73"]
[EventDate "2024.07.29"]
[EventType "swiss"]
[EventRounds "7"]
[EventCountry "GBR"]
[SourceTitle "BritBase"]
[Source "John Saunders"]
[SourceDate "2025.02.20"]
[SourceVersion "1"]
[SourceVersionDate "2025.02.20"]
[SourceQuality "1"]

1. e4 c5 2. d3 Nc6 3. g3 g6 4. Bg2 Bg7 5. Nf3 d6 6. O-O Nf6 7. Nbd2 O-O 8. Re1 Bg4 9. h3 Bd7 10. Nf1 Qc8 11. Kh2 Qc7 12. c3 e6 13. Nh4 d5 14. exd5 Nxd5 15. Nf3 Rac8 16. Bd2 Rfd8 17. Ne3 Nde7 18. Ng4 Be8 19. Bf4 Qb6 20. Qd2 Nf5 21. Bg5 Rd6 22. Nf6+ Kh8 23. g4 Nfe7 24. Qf4 Rxd3 25. Nxe8 Rxe8 26. Qxf7 Rf8 27. Qxe6 Qc7+ 28. Kg1 Rfxf3 29. Bxe7 Ne5 30. Rxe5 Bxe5 31. Bxf3 Rxf3 32. Rd1 Bh2+ 33. Kh1 Rxf2 34. Rd8+ Kg7 35. Rg8+ Kh6 36. g5+ Kh5 37. Qg4# 1-0

[Event "GBR-ch110 Over 65"]
[Site "Hull"]
[Date "2024.08.02"]
[Round "5.16"]
[White "Ramage, Colin R"]
[Black "Myall, Ivan J"]
[Result "1/2-1/2"]
[WhiteElo "1884"]
[BlackElo "1935"]
[PlyCount "91"]
[EventDate "2024.07.29"]
[EventType "swiss"]
[EventRounds "7"]
[EventCountry "GBR"]
[SourceTitle "BritBase"]
[Source "John Saunders"]
[SourceDate "2025.02.20"]
[SourceVersion "1"]
[SourceVersionDate "2025.02.20"]
[SourceQuality "1"]

1. e4 e5 2. Bc4 Bc5 3. Nf3 Nc6 4. b4 Bxb4 5. c3 Ba5 6. O-O Bb6 7. d4 d6 8. dxe5 Nxe5 9. Nxe5 dxe5 10. Bxf7+ Ke7 11. Qb3 Nf6 12. Bg5 Qf8 13. Bc4 Bd7 14. Nd2 Qe8 15. Qa3+ c5 16. f4 exf4 17. e5 Qg6 18. exf6+ gxf6 19. Bxf4 Bc6 20. Rae1+ Kd8 21. Nf3 Qg4 22. Qc1 Bd7 23. Qd2 Kc8 24. h3 Qg7 25. Bh6 Qg6 26. Be6 Bxe6 27. Rxe6 Rd8 28. Qf4 Rg8 29. Nh4 Qd3 30. Rxf6 c4+ 31. Kh1 Bd8 32. Qf5+ Qxf5 33. R6xf5 Bxh4 34. Rc5+ Kd7 35. Rxc4 Bg3 36. Bf4 Bxf4 37. Rfxf4 Rg7 38. g4 Ke6 39. Kg2 h5 40. Kg3 hxg4 41. hxg4 Rh8 42. Rce4+ Kd6 43. Rf6+ Kd5 44. Rfe6 Rc8 45. R6e5+ Kd6 46. Re6+ 1/2-1/2

[Event "GBR-ch110 Over 65"]
[Site "Hull"]
[Date "2024.08.02"]
[Round "5.17"]
[White "Bellers, Chris JV"]
[Black "Stevens, Brian"]
[Result "1-0"]
[WhiteElo "1933"]
[BlackElo "1812"]
[PlyCount "61"]
[EventDate "2024.07.29"]
[EventType "swiss"]
[EventRounds "7"]
[EventCountry "GBR"]
[SourceTitle "BritBase"]
[Source "John Saunders"]
[SourceDate "2025.02.20"]
[SourceVersion "1"]
[SourceVersionDate "2025.02.20"]
[SourceQuality "1"]

1. c4 e6 2. g3 d5 3. Bg2 dxc4 4. Nf3 Nd7 5. O-O Ngf6 6. Qa4 Be7 7. Qxc4 c5 8. b3 O-O 9. Bb2 Nb6 10. Qc2 Nbd5 11. d3 b6 12. Nbd2 Bb7 13. Nc4 Nd7 14. Qd2 Bf6 15. Nfe5 Nxe5 16. Nxe5 Bxe5 17. Bxe5 f6 18. Bb2 e5 19. f4 exf4 20. gxf4 Qd7 21. a3 Rad8 22. e4 Ne7 23. Rad1 Nc6 24. b4 Rfe8 25. bxc5 bxc5 26. Qc2 Qd6 27. e5 fxe5 28. fxe5 Qe7 29. Qb3+ Kh8 30. Rf7 Na5 31. Rxe7 1-0

[Event "GBR-ch110 Over 65"]
[Site "Hull"]
[Date "2024.08.02"]
[Round "5.18"]
[White "Spanton, Tim R"]
[Black "Walkowiak, Adam"]
[Result "1-0"]
[WhiteElo "1928"]
[BlackElo "1722"]
[PlyCount "101"]
[EventDate "2024.07.29"]
[EventType "swiss"]
[EventRounds "7"]
[EventCountry "GBR"]
[SourceTitle "BritBase"]
[Source "John Saunders"]
[SourceDate "2025.02.20"]
[SourceVersion "1"]
[SourceVersionDate "2025.02.20"]
[SourceQuality "1"]

1. e4 c5 2. Nf3 e6 3. c4 Nc6 4. d4 cxd4 5. Nxd4 g6 6. Nc3 a6 7. Be3 Bg7 8. Qd2 Nge7 9. Be2 O-O 10. O-O e5 11. Nb3 Qc7 12. c5 Na5 13. Nxa5 Qxa5 14. Rfd1 Qc7 15. Rac1 Nc6 16. Nd5 Qa5 17. b4 Qd8 18. a3 Nd4 19. Bc4 Kh8 20. Bg5 f6 21. Be3 Rb8 22. Bxd4 exd4 23. Qxd4 f5 24. e5 Qg5 25. f4 Qh4 26. g3 Qd8 27. Nb6 g5 28. Qd6 gxf4 29. Qxb8 fxg3 30. hxg3 Qg5 31. e6 f4 32. Rd3 Be5 33. Qa7 f3 34. Rc2 Qxg3+ 35. Kf1 Qh3+ 36. Ke1 Bg3+ 37. Kd2 Qh6+ 38. Kc3 Be5+ 39. Kb3 f2 40. Rd1 Qh3+ 41. Ka4 Qf3 42. Rf1 Qc6+ 43. Kb3 Bg3 44. Rc3 Be5 45. Re3 Rf3 46. Rxf3 Qxf3+ 47. Ka4 Qc6+ 48. Ka5 dxe6 49. Qa8 Bc7 50. Qxc8+ Kg7 51. Qxe6 1-0

[Event "GBR-ch110 Over 65"]
[Site "Hull"]
[Date "2024.08.02"]
[Round "5.19"]
[White "Kelly, Ian G"]
[Black "Stimpson, Philip M"]
[Result "0-1"]
[WhiteElo "1973"]
[BlackElo "1915"]
[PlyCount "54"]
[EventDate "2024.07.29"]
[EventType "swiss"]
[EventRounds "7"]
[EventCountry "GBR"]
[SourceTitle "BritBase"]
[Source "John Saunders"]
[SourceDate "2025.02.20"]
[SourceVersion "1"]
[SourceVersionDate "2025.02.20"]
[SourceQuality "1"]

1. Nf3 d5 2. c4 c6 3. b3 Bg4 4. g3 Bxf3 5. exf3 e6 6. f4 Nf6 7. Bb2 Nbd7 8. Bg2 h5 9. d4 Bd6 10. Nd2 h4 11. O-O Qe7 12. Re1 O-O-O 13. cxd5 cxd5 14. Rc1+ Kb8 15. Nf3 hxg3 16. fxg3 Ne4 17. Ne5 Ndf6 18. Qd3 Rdg8 19. Re2 g5 20. f5 exf5 21. Qb5 Bxe5 22. dxe5 Qd7 23. Qd3 Ng4 24. Bxe4 fxe4 25. Rxe4 Qf5 26. Bd4 Qxe4 27. Bxa7+ Kxa7 0-1

[Event "GBR-ch110 Over 65"]
[Site "Hull"]
[Date "2024.08.02"]
[Round "5.20"]
[White "Hutchinson, Norman A"]
[Black "Kenning, Paul H"]
[Result "1/2-1/2"]
[WhiteElo "1955"]
[BlackElo "1776"]
[PlyCount "64"]
[EventDate "2024.07.29"]
[EventType "swiss"]
[EventRounds "7"]
[EventCountry "GBR"]
[SourceTitle "BritBase"]
[Source "John Saunders"]
[SourceDate "2025.02.20"]
[SourceVersion "1"]
[SourceVersionDate "2025.02.20"]
[SourceQuality "1"]

1. e4 d6 2. d4 Nf6 3. Nc3 e5 4. Nf3 Nbd7 5. Bc4 Be7 6. O-O c6 7. a4 Qc7 8. Re1 h6 9. h3 g5 10. dxe5 dxe5 11. Nh2 Nf8 12. Qf3 Be6 13. Bf1 Ng6 14. b3 Nf4 15. g3 Ng6 16. Bb2 h5 17. Qe3 h4 18. g4 Nf4 19. Ne2 Rg8 20. Nf3 Bxg4 21. Bxe5 Qc8 22. hxg4 Nxg4 23. Qc3 Nxe5 24. Nxe5 Bf6 25. Qc5 Qe6 26. Nd3 Bxa1 27. Rxa1 Qg4+ 28. Kh2 Nxe2 29. Qe5+ Kf8 30. Qc5+ Kg7 31. Bxe2 Qxe2 32. Qxg5+ Kf8 1/2-1/2